000 00788cam a2200193 i 4500
020 _a0471674338
082 0 0 _a343.73078
_bADM
_cN-01, P-101
110 2 _aPortland Cement Association.
_920051
245 1 0 _aAdministrative practices in concrete construction /
_cPortland Cement Association ; [George R. White, project director].
260 _aNew York :
_bWiley,
_c[1975]
300 _axii, 230 p. :
_bill. ;
_c23 cm.
500 _a"Fourth in a series of five books that comprise the National concrete technology curriculum."
500 _aIncludes index.
526 _a0
_b0
_c0
_d343_730780000000000_ADM
650 0 _aConcrete construction
_zUnited States.
_937846
650 0 _aConstruction industry
_xLaw and legislation
_zUnited States.
_924626
650 0 _aMCE
_9379
942 _2ddc
_cBK
999 _c542608
_d542608